000 00731nam a2200265 a 4500
001 000010177
003 DO-SdBNP
005 20170926094754.0
007 000010177
008 091005s1986 dr a 000 p spa d
040 _aBPMSU
_bspa
_cBPMSU
082 0 4 _aRD861.44
_bG984h
100 1 _aGutiérrez, Franklin,
_d1951-
245 1 0 _aHelen /
_cFranklin Gutiérrez.
260 0 _aSanto Domingo :
_bSanto Domingo,
_c1986.
300 _a97 p. :
_bil. ;
_c21 cm.
490 1 _aOrfeo
650 4 _aPOESÍA DOMINICANA
650 4 _aLITERATURA DOMINICANA
830 0 _aOrfeo
910 _aValidado. Control de calidad MFF
942 _2ddc
_cBK
945 _a Inventariado / 2017 VM
956 _aVMATEO
_b10
_c20150908
_lBPMSU
_h0069
999 _c7355
_d7355